|
|
|
|
| LEADER |
00000naa2a2200000 4500 |
| 001 |
427400 |
| 005 |
20231101074637.0 |
| 035 |
|
|
|a (RuTPU)RU\TPU\prd\86579
|
| 035 |
|
|
|a RU\TPU\prd\38759
|
| 090 |
|
|
|a 427400
|
| 100 |
|
|
|a 20100909a2004 k y0rusy50 ca
|
| 101 |
0 |
|
|a rus
|
| 102 |
|
|
|a RU
|
| 200 |
1 |
|
|a Экспериментальные залы быстрых реакторов с открытой активной зоной как формирователи энергетических спектров нейтронов
|f В. Д. Севастьянов, С. В. Воронцов, И. Ю. Дроздов и др.
|
| 225 |
1 |
|
|a Техника ядерного эксперимента
|
| 320 |
|
|
|a Библиогр.: 12 назв.
|
| 461 |
|
0 |
|0 (RuTPU)RU\TPU\prd\300
|x 0032-8162
|t Приборы и техника эксперимента
|f Российская академия наук
|d 1956-
|
| 463 |
|
0 |
|0 (RuTPU)RU\TPU\prd\86578
|t № 6
|v с. 5-14
|d 2004
|
| 610 |
1 |
|
|a нейтроны
|
| 610 |
1 |
|
|a экспериментальные залы
|
| 610 |
1 |
|
|a быстрые реакторы
|
| 610 |
1 |
|
|a энергетические спектры
|
| 610 |
1 |
|
|a активные зоны
|
| 610 |
1 |
|
|a характеристики полей
|
| 610 |
1 |
|
|a энергетические спектры
|
| 610 |
1 |
|
|a ядерные реакторы
|
| 701 |
|
1 |
|a Севастьянов
|b В. Д.
|
| 701 |
|
1 |
|a Воронцов
|b С. В.
|
| 701 |
|
1 |
|a Дроздов
|b И. Ю.
|
| 701 |
|
1 |
|a Кошелев
|b А. С.
|
| 701 |
|
1 |
|a Маслов
|b Г. Н.
|
| 701 |
|
1 |
|a Лягушин
|b В. И.
|
| 701 |
|
1 |
|a Шуршаков
|b В. А.
|
| 801 |
|
1 |
|a RU
|b 63413507
|c 20051007
|g PSBO
|
| 801 |
|
2 |
|a RU
|b 63413507
|c 20100909
|g RCR
|
| 942 |
|
|
|c BK
|